[Event "EU-ch rapid"]
[Site "Wroclaw"]
[Date "2014.12.20"]
[Round "1"]
[White "Zabawski, Grzegorz"]
[Black "Socko, Bartosz"]
[Result "0-1"]
[WhiteElo "1883"]
[BlackElo "2617"]
[PlyCount "62"]
[EventDate "2014.12.20"]
[EventType "swiss (rapid)"]
[EventRounds "11"]
[EventCountry "POL"]
[SourceTitle "CBM 164 Extra"]
[Source "ChessBase"]
[SourceDate "2015.03.02"]
[SourceVersion "1"]
[SourceVersionDate "2015.03.02"]
[SourceQuality "1"]

1. e4 e6 2. d4 d5 3. Nd2 Nf6 4. e5 Nfd7 5. Bd3 c5 6. c3 b6 7. Ne2 Ba6 8. Bxa6 Nxa6 9. 0-0 Nc7 10. f4 f5 11. exf6 Nxf6 12. Nf3 Bd6 13. Ne5 0-0 14. Ng3 cxd4 15. cxd4 Ne4 16. Nxe4 dxe4 17. Qb3 Bxe5 18. dxe5 Qd5 19. Qg3 Qd3 20. Be3 Nd5 21. Rfe1 Rad8 22. Rad1 Qc4 23. b3 Qc2 24. Rd2 Qc3 25. Rdd1 Ne7 26. Rc1 Qd3 27. Qg5 Nf5 28. Rcd1 Qxd1 29. Rxd1 Rxd1+ 30. Kf2 Rc8 31. Ke2 Rd3 0-1